Handbook of pediatric hematology and oncology (Record no. 320)

000 -LEADER
fixed length control field 04262nam a22006857a 4500
001 - CONTROL NUMBER
control field 13573025
003 - CONTROL NUMBER IDENTIFIER
control field LIBRIS
005 - DATE AND TIME OF LATEST TRANSACTION
control field 20241105172311.0
006 - FIXED-LENGTH DATA ELEMENTS--ADDITIONAL MATERIAL CHARACTERISTICS
fixed length control field m o d |
007 - PHYSICAL DESCRIPTION FIXED FIELD--GENERAL INFORMATION
fixed length control field cr ||| |||||
008 - FIXED-LENGTH DATA ELEMENTS--GENERAL INFORMATION
fixed length control field 121102s2012 xx a||||ob||||001 0|eng|d
020 ## - INTERNATIONAL STANDARD BOOK NUMBER
International Standard Book Number 9781118358139
020 ## - INTERNATIONAL STANDARD BOOK NUMBER
Canceled/invalid ISBN 9780470670880 (Print)
035 ## - SYSTEM CONTROL NUMBER
System control number (OCoLC)787843759
035 ## - SYSTEM CONTROL NUMBER
System control number (WaSeSS)ssj0000636222
035 ## - SYSTEM CONTROL NUMBER
System control number (ALMA)9940264502336
035 ## - SYSTEM CONTROL NUMBER
System control number (WaSeSS)ssj0000636222
035 ## - SYSTEM CONTROL NUMBER
System control number (ALMA)993448176003662
035 ## - SYSTEM CONTROL NUMBER
System control number (ALMA)9919271114305121
035 ## - SYSTEM CONTROL NUMBER
System control number (EBZ)ebs1311538e
035 ## - SYSTEM CONTROL NUMBER
System control number (ALMA)996955569303661
035 ## - SYSTEM CONTROL NUMBER
System control number (ALMA)991000995131803211
035 ## - SYSTEM CONTROL NUMBER
System control number (ALMA)999333829403663
035 ## - SYSTEM CONTROL NUMBER
System control number (ALMA)9921372851504996
035 ## - SYSTEM CONTROL NUMBER
System control number (ALMA)99271756702456
035 ## - SYSTEM CONTROL NUMBER
System control number (WaSeSS)ssj0000636222
035 ## - SYSTEM CONTROL NUMBER
System control number (EBZ)ebs1311538e
040 ## - CATALOGING SOURCE
Original cataloging agency EBLCP
Language of cataloging eng
Transcribing agency EBLCP
Modifying agency OCLCQ
-- MHW
-- YDXCP
-- CUS
-- TXA
-- DG1
-- OCLCA
-- OCLCQ
-- N$T
Description conventions i
041 ## - LANGUAGE CODE
Language code of text/sound track or separate title eng
050 #4 - LIBRARY OF CONGRESS CALL NUMBER
Classification number RJ411
060 #4 - NATIONAL LIBRARY OF MEDICINE CALL NUMBER
Classification number WS 39
072 #7 - SUBJECT CATEGORY CODE
Subject category code HEA
Source bisacsh
072 #7 - SUBJECT CATEGORY CODE
Subject category code MED
Source bisacsh
080 ## - UNIVERSAL DECIMAL CLASSIFICATION NUMBER
Universal Decimal Classification number 616-053.2
Item number H-35
082 04 - DEWEY DECIMAL CLASSIFICATION NUMBER
Classification number 618.92/15
Edition number 23
084 ## - OTHER CLASSIFICATION NUMBER
Classification number Vh
Number source kssb/8 (machine generated)
100 1# - MAIN ENTRY--PERSONAL NAME
Personal name Hastings, Caroline,
Dates associated with a name 1960-
245 10 - TITLE STATEMENT
Title Handbook of pediatric hematology and oncology
Medium [Elektronisk resurs]
Remainder of title Children's Hospital and Research Center Oakland /
Statement of responsibility, etc. Caroline A. Hastings, Joseph C. Torkildson, Anurag K. Agrawal.
250 ## - EDITION STATEMENT
Edition statement 2nd ed.
260 ## - PUBLICATION, DISTRIBUTION, ETC.
Place of publication, distribution, etc. Hoboken :
Name of publisher, distributor, etc. John Wiley & Sons,
Date of publication, distribution, etc. 2012
300 ## - PHYSICAL DESCRIPTION
Extent 1 online resource (ix, 378 p.)
Other physical details ill.
365 ## - TRADE PRICE
Price amount 69.10 usd
505 8# - FORMATTED CONTENTS NOTE
Formatted contents note Handbook of Pediatric Hematology and Oncology: Children's Hospital & Research Center Oakland; Contents; Preface; Acknowledgments; 1 Approach to the Anemic Child; 2 Hemolytic Anemia; 3 Sickle Cell Disease; 4 Thalassemia; 5 Transfusion Medicine; 6 Chelation Therapy; 7 Approach to the Bleeding Child; 8 Von Willebrand Disease; 9 Hemophilia; 10 The Child with Thrombosis; 11 The Neutropenic Child; 12 Thrombocytopenia; 13 Evaluation of the Child with a Suspected Malignancy; 14 Oncologic Emergencies; 15 Acute Leukemias; 16 Central Nervous System Tumors; 17 Hodgkin and Non-Hodgkin Lymphoma; 18 Wilms Tumor19 Neuroblastoma; 20 Sarcomas of the Soft Tissues and Bone; 21 Germ Cell Tumors; 22 Rare Tumors of Childhood; 23 Histiocytic Disorders; 24 Hematopoietic Stem Cell Transplantation; 25 Supportive Care of the Child with Cancer; 26 Central Venous Catheters; 27 Management of Fever in the Child with Cancer; 28 Acute Pain Management in the Inpatient Setting; 29 Palliative Care; 30 Chemotherapy Basics; 31 Guide to Procedures; 32 Treatment of Chemotherapy Extravasations; Formulary; Index.
520 ## - SUMMARY, ETC.
Summary, etc. This new edition of Handbook of Pediatric Hematology and Oncology: Children's Hospital & Research Center Oakland features practical guidance on how to handle common inpatient and outpatient challenges seen in pediatric hematology and oncology. Designed as a rapid reference to the latest diagnostic and therapeutic protocols, the text is short and didactic and supplemented with practical algorithms and case studies throughout. Completely revised and updated, there are brand-new chapters on subjects including bone marrow transplantation, pain management and palliative care. Comprehensive, yet concise, the handbook presents essential guidelines on the diagnosis and management of the most common pediatric blood disorders and malignancies, in addition to chemotherapeutic drug information and transfusion protocols.
588 ## - SOURCE OF DESCRIPTION NOTE
Source of description note Description based on print version record.
650 #0 - SUBJECT ADDED ENTRY--TOPICAL TERM
Topical term or geographic name entry element Pediatric hematology
Form subdivision Handbooks, manuals, etc.
650 #0 - SUBJECT ADDED ENTRY--TOPICAL TERM
Topical term or geographic name entry element Tumors in children
Form subdivision Handbooks, manuals, etc.
650 12 - SUBJECT ADDED ENTRY--TOPICAL TERM
Topical term or geographic name entry element Child.
650 12 - SUBJECT ADDED ENTRY--TOPICAL TERM
Topical term or geographic name entry element Hematologic Diseases
Form subdivision Handbooks.
650 22 - SUBJECT ADDED ENTRY--TOPICAL TERM
Topical term or geographic name entry element Neoplasms
Form subdivision Handbooks.
650 #7 - SUBJECT ADDED ENTRY--TOPICAL TERM
Topical term or geographic name entry element HEALTH & FITNESS / Children's Health
Source of heading or term bisacsh
650 #7 - SUBJECT ADDED ENTRY--TOPICAL TERM
Topical term or geographic name entry element MEDICAL / Pediatrics
Source of heading or term bisacsh
653 ## - INDEX TERM--UNCONTROLLED
Uncontrolled term პედიეტრია
653 ## - INDEX TERM--UNCONTROLLED
Uncontrolled term მედიცინა
655 #4 - INDEX TERM--GENRE/FORM
Genre/form data or focus term Electronic books.
700 1# - ADDED ENTRY--PERSONAL NAME
Personal name Torkildson, Joseph C.
700 1# - ADDED ENTRY--PERSONAL NAME
Personal name Agrawal, Anurag K.
Fuller form of name (Anurag Kishor)
776 08 - ADDITIONAL PHYSICAL FORM ENTRY
Relationship information Print
Main entry heading Hastings, Caroline A.
Title Handbook of pediatric hematology and oncology
Place, publisher, and date of publication Hoboken : John Wiley & Sons, c2012
International Standard Book Number 9780470670880
942 ## - ADDED ENTRY ELEMENTS (KOHA)
Source of classification or shelving scheme
Koha item type Books
Holdings
Withdrawn status Lost status Source of classification or shelving scheme Damaged status Not for loan Permanent location Current location Date acquired Inventory number Total Checkouts Full call number Barcode Date last seen Price effective from Koha item type
          Ken Walker International University Ken Walker International University 11/20/2020 1021   616-053.2 H-35 1021 11/20/2020 11/20/2020 Books
          Ken Walker International University Ken Walker International University 11/21/2020 2047   616-053.2 H-35 2047 11/21/2020 11/21/2020 Books

Powered by Koha